[Event "Titled Tuesday intern op 23rd Jan Late"]
[Site "Chess.com INT"]
[Date "2024.01.23"]
[Round "2"]
[White "Korol, Dimitry"]
[Black "Sargsyan, Anna M"]
[Result "0-1"]
[WhiteElo "2287"]
[BlackElo "2377"]
[PlyCount "68"]
[EventDate "2024.01.23"]
[EventType "swiss (blitz)"]
[EventRounds "11"]
[EventCountry "USA"]
[SourceTitle "CB05_2024"]
[SourceDate "2024.01.31"]
[SourceVersion "1"]
[SourceVersionDate "2024.01.31"]
[SourceQuality "1"]

1. d4 d5 2. c4 c6 3. Nc3 Nf6 4. e3 Bf5 5. Nf3 e6 6. Bd3 Bg6 7. 0-0 Nbd7 8. Qe2 Bd6 9. e4 dxe4 10. Nxe4 Nxe4 11. Bxe4 0-0 12. Bg5 Qc7 13. Rad1 Bf4 14. Bh4 c5 15. b3 cxd4 16. Bxg6 hxg6 17. Rxd4 Nc5 18. Bg3 Bxg3 19. hxg3 a5 20. Rfd1 a4 21. b4 Na6 22. a3 Rac8 23. c5 Nb8 24. Ne5 b6 25. cxb6 Qxb6 26. Rd6 Qc7 27. Qb5 Qc3 28. R6d3 Qb2 29. R1d2 Rc1+ 30. Kh2 Qa1 31. g4 Rh1+ 32. Kg3 Qg1 33. Rd8 Rh2 34. Rxf8+ Kh7 0-1

[Event "Titled Tuesday intern op 23rd Jan Late"]
[Site "Chess.com INT"]
[Date "2024.01.23"]
[Round "4"]
[White "Sargsyan, Anna M"]
[Black "Cubas, Jose Fernando"]
[Result "0-1"]
[WhiteElo "2377"]
[BlackElo "2427"]
[PlyCount "70"]
[EventDate "2024.01.23"]
[EventType "swiss (blitz)"]
[EventRounds "11"]
[EventCountry "USA"]
[SourceTitle "CB05_2024"]
[SourceDate "2024.01.31"]
[SourceVersion "1"]
[SourceVersionDate "2024.01.31"]
[SourceQuality "1"]

1. d4 Nf6 2. c4 g6 3. g3 Bg7 4. Bg2 0-0 5. Nc3 d6 6. Nf3 c6 7. 0-0 Qa5 8. e4 Nbd7 9. h3 Nb6 10. Qe2 Qa6 11. b3 d5 12. e5 Ne8 13. Bg5 f6 14. exf6 exf6 15. Bf4 dxc4 16. Rfe1 g5 17. Be3 Bf5 18. Qb2 Nd6 19. Nd2 Bd3 20. a4 Qa5 21. b4 Qf5 22. a5 Nd5 23. g4 Qd7 24. Nxd5 cxd5 25. Bxd5+ Kh8 26. Bg2 f5 27. Bxg5 fxg4 28. Re7 Qf5 29. Be3 gxh3 30. Bh1 Bf6 31. Rc7 h2+ 32. Kxh2 Qh5+ 33. Kg1 Rg8+ 34. Bg2 Rxg2+ 35. Kxg2 Rg8+ 0-1

[Event "Chesterfield SPICE Cup op"]
[Site "Chesterfield"]
[Date "2023.12.21"]
[Round "7"]
[White "Sargsyan, Anna M"]
[Black "Puckett, Matthew"]
[Result "1-0"]
[WhiteElo "2364"]
[BlackElo "2172"]
[PlyCount "63"]
[EventDate "2023.12.17"]
[EventType "swiss"]
[EventRounds "9"]
[EventCountry "USA"]
[SourceTitle "CB52_2023"]
[SourceDate "2023.12.27"]
[SourceVersion "1"]
[SourceVersionDate "2023.12.27"]
[SourceQuality "1"]

1. e4 c5 2. Nf3 Nc6 3. Bb5 Nf6 4. Bxc6 dxc6 5. d3 Bg4 6. Nbd2 Nd7 7. h3 Bh5 8. Nf1 f6 9. g4 Bf7 10. Ng3 e5 11. Be3 Qc7 12. Qd2 0-0-0 13. Qc3 Kb8 14. a3 Be6 15. g5 Be7 16. gxf6 gxf6 17. Nh4 Rdg8 18. Nhf5 Bf8 19. b4 b6 20. Ke2 h5 21. h4 Rg4 22. bxc5 Bxc5 23. a4 a5 24. Bxc5 Nxc5 25. Ne3 Rgg8 26. Nc4 Bxc4 27. Qxc4 Qd7 28. Rhb1 Ka7 29. Rxb6 Kxb6 30. Rb1+ Ka7 31. Qxc5+ Ka8 32. Rb6 1-0

[Event "Chesterfield SPICE Cup op"]
[Site "Chesterfield"]
[Date "2023.12.18"]
[Round "3"]
[White "Sargsyan, Anna M"]
[Black "Yoo, Christopher Woojin"]
[Result "0-1"]
[WhiteElo "2364"]
[BlackElo "2606"]
[PlyCount "92"]
[EventDate "2023.12.17"]
[EventType "swiss"]
[EventRounds "9"]
[EventCountry "USA"]
[SourceTitle "CB52_2023"]
[SourceDate "2023.12.27"]
[SourceVersion "1"]
[SourceVersionDate "2023.12.27"]
[SourceQuality "1"]

1. e4 c5 2. Nf3 d6 3. Bb5+ Bd7 4. Bxd7+ Nxd7 5. 0-0 Ngf6 6. Re1 e6 7. c3 Be7 8. d4 0-0 9. Nbd2 cxd4 10. cxd4 Rc8 11. Nf1 Qc7 12. Bg5 h6 13. Bd2 d5 14. e5 Ne4 15. Be3 Nb6 16. Re2 Nc4 17. Ne1 Qb6 18. f3 Ng5 19. Rb1 Nxe3 20. Nxe3 Rc6 21. Rc2 Rfc8 22. Qd3 a5 23. Rf2 Rc1 24. Rxc1 Rxc1 25. Kf1 a4 26. a3 Bd8 27. Nd1 Qb3 28. Qxb3 axb3 29. Rd2 Ba5 30. Rd3 Ne4 31. g4 g5 32. Ng2 Nd2+ 33. Ke2 Nc4 34. Nge3 Rc2+ 35. Kf1 Nxe3+ 36. Nxe3 Rxb2 37. Nd1 Rb1 38. Ke2 Kf8 39. h3 Ke8 40. Re3 Kd7 41. Rd3 Kc6 42. a4 Kd7 43. Kf2 Bb4 44. Ke2 Kc6 45. Nc3 Rc1 46. Nd1 b2 0-1

[Event "Titled Tuesday intern op 25th Jul Late"]
[Site "Chess.com INT"]
[Date "2023.07.25"]
[Round "6"]
[White "Sargsyan, Anna M"]
[Black "Nguyen, Ngoc Truong Son"]
[Result "0-1"]
[WhiteElo "2359"]
[BlackElo "2645"]
[PlyCount "58"]
[EventDate "2023.07.25"]
[EventType "swiss (blitz)"]
[EventRounds "11"]
[EventCountry "USA"]
[SourceTitle "EXT 2024"]
[Source "ChessBase"]
[SourceDate "2023.10.10"]
[SourceVersion "1"]
[SourceVersionDate "2023.10.10"]
[SourceQuality "1"]

1. e4 d6 2. d4 g6 3. c3 Bg7 4. Bd3 Nc6 5. f4 e5 6. fxe5 dxe5 7. d5 Nce7 8. Nf3 c6 9. dxc6 Nxc6 10. 0-0 Nf6 11. Qe2 0-0 12. Na3 Nh5 13. Bg5 Qc7 14. Rad1 Nf4 15. Bxf4 exf4 16. Kh1 Bg4 17. h3 Bh5 18. Qf2 Rad8 19. Be2 Qe7 20. Nd2 Bxe2 21. Qxe2 Bxc3 22. bxc3 Qxa3 23. Nb1 Qe7 24. Rxd8 Rxd8 25. Rxf4 Ne5 26. Nd2 Qg5 27. Rf2 Nd3 28. Rf1 Nf4 29. Nf3 Nxe2 0-1

[Event "Titled Tuesday intern op 25th Jul Late"]
[Site "Chess.com INT"]
[Date "2023.07.25"]
[Round "9"]
[White "Sargsyan, Anna M"]
[Black "Rangel, Daniel"]
[Result "0-1"]
[WhiteElo "2359"]
[BlackElo "2199"]
[PlyCount "98"]
[EventDate "2023.07.25"]
[EventType "swiss (blitz)"]
[EventRounds "11"]
[EventCountry "USA"]
[SourceTitle "EXT 2024"]
[Source "ChessBase"]
[SourceDate "2023.10.10"]
[SourceVersion "1"]
[SourceVersionDate "2023.10.10"]
[SourceQuality "1"]

1. d4 Nf6 2. c4 e6 3. Nf3 d5 4. Nc3 Be7 5. Bf4 0-0 6. e3 a6 7. h3 Nbd7 8. Rc1 Re8 9. c5 Ne4 10. Nxe4 dxe4 11. Nd2 f5 12. Bc4 Nf6 13. 0-0 Nd5 14. Bh2 c6 15. Qe2 Rf8 16. f3 Bg5 17. fxe4 Nxe3 18. Rf2 Nxc4 19. Rxc4 Bxd2 20. Qxd2 fxe4 21. Bd6 Rxf2 22. Qxf2 Bd7 23. Rc1 Qf6 24. Qe3 Qg6 25. Rf1 h6 26. Rf4 e5 27. Bxe5 Be6 28. Rxe4 h5 29. Rf4 Rf8 30. a3 Rxf4 31. Qxf4 Bd5 32. Qf2 Kh7 33. Kh2 Qe4 34. Qg3 Qg6 35. Qf2 Qe4 36. b4 Qg6 37. Qe2 Kg8 38. Qd2 Kh7 39. a4 Kg8 40. Qb2 Kh7 41. Bg3 Kg8 42. h4 Kh7 43. b5 axb5 44. axb5 Kg8 45. b6 Qe4 46. Qd2 Kh7 47. Qf2 Kg8 48. Be5 Kh7 49. Qf4 Qxg2# 0-1

[Event "Titled Tuesday intern op 18th Jul Early"]
[Site "Chess.com INT"]
[Date "2023.07.18"]
[Round "1"]
[White "Sargsyan, Anna M"]
[Black "Novikova, Margarita"]
[Result "1-0"]
[WhiteElo "2359"]
[BlackElo "1995"]
[PlyCount "143"]
[EventDate "2023.07.18"]
[EventType "swiss (blitz)"]
[EventRounds "11"]
[EventCountry "USA"]
[SourceTitle "EXT 2024"]
[Source "ChessBase"]
[SourceDate "2023.10.10"]
[SourceVersion "1"]
[SourceVersionDate "2023.10.10"]
[SourceQuality "1"]

1. d4 d5 2. c4 e6 3. Nf3 Nf6 4. Nc3 c6 5. e3 Bb4 6. Bd3 0-0 7. 0-0 b6 8. Ne2 Ba6 9. Qc2 dxc4 10. Bxc4 Bxc4 11. Qxc4 Be7 12. b4 Qd5 13. Qxd5 cxd5 14. Bd2 Ne4 15. a3 a5 16. bxa5 bxa5 17. Rfc1 Bd6 18. Be1 a4 19. Ne5 f6 20. Nd3 Nd7 21. Bb4 Rfc8 22. f3 Bxb4 23. Nxb4 Nd2 24. Nf4 Kf7 25. Kf2 Rxc1 26. Rxc1 Nc4 27. Rc3 g5 28. Nfd3 Rb8 29. e4 f5 30. exd5 exd5 31. Nxd5 Nb2 32. Nxb2 Rxb2+ 33. Kg3 f4+ 34. Kh3 Rb3 35. Rxb3 axb3 36. Nc3 Nb6 37. Kg4 Kg6 38. h4 h5+ 39. Kh3 Nc4 40. Nb1 Ne3 41. hxg5 Kxg5 42. Kh2 Nd5 43. Kg1 Kh4 44. Kf2 Kg5 45. a4 Kf5 46. Ke2 Ke6 47. Kd3 Nb6 48. a5 Nd5 49. a6 Kd7 50. a7 Nc7 51. Kc4 Kc6 52. Kxb3 Kb7 53. Nc3 Kxa7 54. Ne2 Nd5 55. Kc4 Ne3+ 56. Kc5 Nxg2 57. d5 Kb7 58. d6 Kc8 59. Kc6 Ne3 60. Nd4 Nc4 61. d7+ Kd8 62. Ne6+ Ke7 63. d8Q+ Kxe6 64. Qd5+ Kf6 65. Qxc4 Kg5 66. Qg8+ Kh4 67. Kd5 Kh3 68. Ke4 h4 69. Kxf4 Kh2 70. Ke3 h3 71. Kf2 Kh1 72. Qg1# 1-0

[Event "Titled Tuesday intern op 04th Jul Late"]
[Site "Chess.com INT"]
[Date "2023.07.04"]
[Round "4"]
[White "Sargsyan, Anna M"]
[Black "Bueno, Alfeu Varela Jr"]
[Result "0-1"]
[WhiteElo "2359"]
[BlackElo "2135"]
[PlyCount "72"]
[EventDate "2023.07.04"]
[EventType "swiss (blitz)"]
[EventRounds "11"]
[EventCountry "USA"]
[SourceTitle "EXT 2024"]
[Source "ChessBase"]
[SourceDate "2023.10.10"]
[SourceVersion "1"]
[SourceVersionDate "2023.10.10"]
[SourceQuality "1"]

1. d4 e6 2. c4 f5 3. g3 Nf6 4. Bg2 Be7 5. d5 e5 6. Nc3 Bb4 7. Qb3 Bxc3+ 8. Qxc3 d6 9. Nf3 0-0 10. Qc2 b6 11. b3 Qe8 12. Bb2 Qh5 13. 0-0-0 Nbd7 14. h3 Nc5 15. b4 Nce4 16. e3 a5 17. b5 a4 18. a3 Nc5 19. Kb1 Qh6 20. Ka2 Bd7 21. Nh4 Nfe4 22. Nf3 Rf7 23. Rhf1 Raf8 24. Nd2 Nxd2 25. Rxd2 f4 26. gxf4 exf4 27. exf4 Rxf4 28. Rg1 R8f7 29. Re2 Qh4 30. Bf1 g6 31. Qb1 Rxf2 32. Qe1 Qxc4+ 33. Kb1 Bf5+ 34. Ka1 Nb3+ 35. Ka2 Nc1+ 36. Ka1 Qa2# 0-1

[Event "Titled Tuesday intern op 04th Jul Early"]
[Site "Chess.com INT"]
[Date "2023.07.04"]
[Round "2"]
[White "Sargsyan, Anna M"]
[Black "Silva, Pedro Gil Ferreira"]
[Result "1/2-1/2"]
[WhiteElo "2359"]
[BlackElo "2217"]
[PlyCount "90"]
[EventDate "2023.07.04"]
[EventType "swiss (blitz)"]
[EventRounds "11"]
[EventCountry "USA"]
[SourceTitle "EXT 2024"]
[Source "ChessBase"]
[SourceDate "2023.10.10"]
[SourceVersion "1"]
[SourceVersionDate "2023.10.10"]
[SourceQuality "1"]

1. d4 Nf6 2. c4 e6 3. Nf3 Bb4+ 4. Bd2 c5 5. g3 0-0 6. Bxb4 cxb4 7. Bg2 d6 8. 0-0 Nc6 9. a3 bxa3 10. Nxa3 e5 11. dxe5 dxe5 12. Nb5 Be6 13. b3 a6 14. Nd6 Qe7 15. c5 Rfd8 16. Qc2 Ne8 17. Nxe8 Rxe8 18. Rfd1 Red8 19. e3 h6 20. Qc3 Bd5 21. b4 Qf6 22. Nh4 Bxg2 23. Nxg2 Qe6 24. Ne1 e4 25. Ng2 Ne5 26. Nf4 Nf3+ 27. Kg2 Qg4 28. h3 Qg5 29. Rxd8+ Rxd8 30. c6 bxc6 31. Qxc6 h5 32. Ra5 Qe7 33. Rxa6 Rd1 34. Ne2 h4 35. Ra8+ Kh7 36. Re8 Ne1+ 37. Kh2 Nf3+ 38. Kg2 Ne1+ 39. Kh2 hxg3+ 40. fxg3 Nf3+ 41. Kg2 Ne1+ 42. Kf2 Nd3+ 43. Kg2 Ne1+ 44. Kh2 Nf3+ 45. Kg2 Ne1+ 1/2-1/2

[Event "Titled Tuesday intern op 04th Jul Late"]
[Site "Chess.com INT"]
[Date "2023.07.04"]
[Round "10"]
[White "Sargsyan, Anna M"]
[Black "Xie, Tianming"]
[Result "1-0"]
[WhiteElo "2359"]
[BlackElo "1939"]
[PlyCount "71"]
[EventDate "2023.07.04"]
[EventType "swiss (blitz)"]
[EventRounds "11"]
[EventCountry "USA"]
[SourceTitle "EXT 2024"]
[Source "ChessBase"]
[SourceDate "2023.10.10"]
[SourceVersion "1"]
[SourceVersionDate "2023.10.10"]
[SourceQuality "1"]

1. d4 d5 2. c4 e6 3. Nc3 Be7 4. Nf3 Nf6 5. Bf4 0-0 6. e3 b6 7. cxd5 exd5 8. Bd3 Bg4 9. 0-0 c5 10. dxc5 bxc5 11. h3 Bh5 12. Be2 Nc6 13. Rc1 Qd7 14. Na4 c4 15. b3 cxb3 16. axb3 Rfc8 17. Ba6 Ne4 18. Bxc8 Rxc8 19. Ne5 Nxe5 20. Rxc8+ Qxc8 21. Qxh5 Ng6 22. Qxd5 Nf6 23. Qc4 Qb7 24. Rc1 h6 25. Qc8+ Qxc8 26. Rxc8+ Kh7 27. Rc7 a5 28. Ra7 Nxf4 29. exf4 Bb4 30. Nb6 Kg6 31. Nc4 Nd5 32. g3 Nc3 33. Nxa5 Ne4 34. Kg2 Nxf2 35. Ra6+ f6 36. Kxf2 1-0

[Event "Titled Tuesday intern op 27th Jun Late"]
[Site "Chess.com INT"]
[Date "2023.06.27"]
[Round "2"]
[White "Mikaelyan, Arman"]
[Black "Sargsyan, Anna M"]
[Result "1-0"]
[WhiteElo "2523"]
[BlackElo "2375"]
[PlyCount "149"]
[EventDate "2023.06.27"]
[EventType "swiss (blitz)"]
[EventRounds "11"]
[EventCountry "USA"]
[SourceTitle "EXT 2024"]
[Source "ChessBase"]
[SourceDate "2023.10.10"]
[SourceVersion "1"]
[SourceVersionDate "2023.10.10"]
[SourceQuality "1"]

1. Nf3 d5 2. d4 Nf6 3. c4 c6 4. Qc2 dxc4 5. Qxc4 Bf5 6. g3 Bxb1 7. Rxb1 Qd5 8. Qxd5 cxd5 9. Ne5 e6 10. Bd2 Bd6 11. Rc1 Nbd7 12. Nxd7 Kxd7 13. Bg2 Rac8 14. 0-0 Rxc1 15. Rxc1 Rc8 16. Rxc8 Kxc8 17. f3 Nd7 18. Kf2 Kc7 19. h4 Kc6 20. h5 Nb6 21. b3 Na8 22. e3 Nc7 23. Bf1 b5 24. Bd3 g6 25. g4 b4 26. f4 Nb5 27. h6 Bf8 28. g5 Nc3 29. Bxc3 bxc3 30. Ke2 a5 31. Kd1 Bb4 32. Kc2 Kb6 33. Be2 Kc6 34. Bf1 Kb6 35. Bg2 Kc6 36. e4 dxe4 37. Bxe4+ Kd6 38. Bf3 Kc7 39. d5 Kd6 40. dxe6 fxe6 41. Be4 Kd7 42. Bxg6 Bd6 43. f5 Bf4 44. Bxh7 Bxg5 45. Bg8 Bxh6 46. Bxe6+ Ke7 47. Kxc3 Bf4 48. Kc4 Bd2 49. Kb5 Kf6 50. Bc8 Be1 51. Kc4 Bd2 52. Kc5 Be1 53. Kb5 Bd2 54. a3 Bc1 55. Kxa5 Bxa3 56. b4 Bc1 57. b5 Bd2+ 58. Ka6 Bf4 59. Kb7 Ke7 60. Kc6 Be5 61. b6 Kd8 62. Be6 Ke7 63. Kb7 Kd8 64. Ka7 Bd4 65. Ka6 Be5 66. Kb7 Bd4 67. Kc6 Bf6 68. b7 Be5 69. Kb6 Bd4+ 70. Ka6 Kc7 71. f6 Bxf6 72. Ka7 Bd4+ 73. Ka8 Ba7 74. Kxa7 Kd6 75. b8Q+ 1-0

[Event "Titled Tuesday intern op 27th Jun Late"]
[Site "Chess.com INT"]
[Date "2023.06.27"]
[Round "6"]
[White "Miladinovic, Igor"]
[Black "Sargsyan, Anna M"]
[Result "0-1"]
[WhiteElo "2507"]
[BlackElo "2375"]
[PlyCount "106"]
[EventDate "2023.06.27"]
[EventType "swiss (blitz)"]
[EventRounds "11"]
[EventCountry "USA"]
[SourceTitle "EXT 2024"]
[Source "ChessBase"]
[SourceDate "2023.10.10"]
[SourceVersion "1"]
[SourceVersionDate "2023.10.10"]
[SourceQuality "1"]

1. d4 d5 2. Bg5 Bf5 3. e3 c6 4. Nf3 Nd7 5. c4 Ngf6 6. Nc3 e6 7. Qb3 Qb6 8. c5 Qc7 9. Bf4 Qc8 10. h3 Be7 11. Qd1 0-0 12. Bd3 Re8 13. 0-0 h6 14. b4 Bd8 15. Rb1 a6 16. a4 Bc7 17. Bxc7 Qxc7 18. Qc2 Bxd3 19. Qxd3 e5 20. Nd2 e4 21. Qe2 Nh7 22. Rb3 Re6 23. b5 axb5 24. axb5 Rg6 25. f4 exf3 26. Nxf3 Re8 27. Qf2 Rge6 28. bxc6 bxc6 29. Rfb1 Qd8 30. Na4 Nhf6 31. Rb7 Ne4 32. Qh4 g5 33. Qg4 Qa5 34. Rxd7 Qxa4 35. Ne5 Qc2 36. Rf1 Nf6 37. Qf5 Qxf5 38. Rxf5 Nxd7 39. Nxd7 Kg7 40. Kh2 f6 41. Rf1 R8e7 42. Nb6 Rxe3 43. Nc8 Rc7 44. Nd6 Rd3 45. Re1 Kg6 46. Re8 Ra7 47. Rg8+ Rg7 48. Rc8 h5 49. Rxc6 g4 50. hxg4 hxg4 51. g3 Rd2+ 52. Kg1 Ra7 53. Ne8 Ra1# 0-1